| 000 | 01894nam a22002657a 4500 | ||
|---|---|---|---|
| 005 | 20240305165459.0 | ||
| 007 | cr|||| |||| | ||
| 008 | 180107s2014 sp |||||s|||| 00||0 spa d | ||
| 020 | _a978-84-15923-59-6 | ||
| 035 | _a12822 | ||
| 040 | _avLex | ||
| 090 |
_c7370 _d7370 |
||
| 100 | 1 | _aMendoza Navas, Natividad | |
| 245 | 1 | 3 |
_aLa selección del convenio colectivo aplicable en la empresa _h[Recurso electrónico] / _cNatividad Mendoza Navas |
| 256 | _aServicio en línea | ||
| 260 |
_aAlbacete: _bEditorial Bomarzo, _c2014 |
||
| 300 | _a1 recurso electrónico | ||
| 500 | _aLos cambios en el sistema proaucuvo y económico se proyectan sobre el modelo de negociación colectiva e influyen en la determinación del convenio colectivo aplicable a la empresa. Surgen nuevas actividades que no encuentran acomodo claro en los segmentos económicos tradicionales afectando ello a la designación del convenio colectivo aplicable. Al mismo tiempo los convenios colectivos no enuncian con claridad su ámbito funcional, pues las disposiciones que se encargan de especificar este aspecto negocial no expresan con exactitud cuáles son las actividades englobadas en el convenio. A partir del principio de unidad de empresa y del principio de especialidad podrá definirse el convenio aplicable en la empresa en función de su actividad. | ||
| 506 | 1 |
_aDisponible solo en los productos indicados _dvLex Global _dvLex Global (Academic Edition, excluding Law Schools) _dvLex Global (U.S. Academic Edition, Law Schools) _dvLex Global (U.S. Academic Edition, excluding Law Schools) _dvLex Global (Academic Edition, Law Schools) |
|
| 650 | 0 | 4 |
_aDerecho Civil _zEspaña |
| 650 | 0 | 4 |
_aDerecho Mercantil y de la Empresa _zEspaña |
| 740 | 0 | _avLex Libros (Servicio en línea) | |
| 856 | 4 | 0 | _uhttps://app.vlex.com/#/sources/seleccion-del-convenio-colectivo-aplicable-en-la-empresa-12822 |
| 942 | _cRAA | ||
| 999 |
_c165609 _d165609 |
||